Приближенные методы высшего анализа

Λεπτομέρειες βιβλιογραφικής εγγραφής
Κύριος συγγραφέας: Канторович Л. В. Леонид Витальевич
Άλλοι συγγραφείς: Крылов В. И. Владимир Иванович
Γλώσσα:Ρωσικά
Έκδοση: Москва, Физматгиз, 1962
Έκδοση:5-е изд., испр.
Θέματα:
Μορφή: Βιβλίο
KOHA link:https://koha.lib.tpu.ru/cgi-bin/koha/opac-detail.pl?biblionumber=137410

MARC

LEADER 00000nam0a2200000 4500
001 137410
005 20231031141040.0
035 |a (RuTPU)RU\TPU\book\148908 
090 |a 137410 
100 |a 20080510d1962 m y0rusy50 ca 
101 0 |a rus 
102 |a RU 
105 |a a z 001zy 
200 1 |a Приближенные методы высшего анализа  |f Л. В. Канторович, В. И. Крылов 
205 |a 5-е изд., испр. 
210 |a Москва  |c Физматгиз  |d 1962  |a Ленинград 
215 |a 708 с.  |c ил. 
320 |a Библиогр.: с. 698-708. 
610 1 |a приближенные методы 
610 1 |a математический анализ 
610 1 |a приближенные вычисления 
610 1 |a методы 
675 |a 517  |v 3 
675 |a 518  |v 3 
700 1 |a Канторович  |b Л. В.  |g Леонид Витальевич 
701 1 |a Крылов  |b В. И.  |g Владимир Иванович 
801 1 |a RU  |b 63413507  |c 20080510 
801 2 |a RU  |b 63413507  |c 20081125  |g PSBO 
942 |c BK